000 00479nam a22001697a 4500
005 20250319105911.0
008 250319b |||||||| |||| 00| 0 eng d
020 _a9780534561444
050 _aHD 30
_b.3.M55
082 _23RD EDITION
100 _aMILLER, KATHERINE
245 _aORGANIZATIONAL COMMUNICATION
_bAPPROACHES AND PROCESSES
_cKATHERINE MILLER
250 _a3RD EDITION
260 _aBELMONT
_bTHOMSON WADSWORTH
_cc2003
300 _axix, 335p.;
942 _2lcc
_cBK
_n0
999 _c4936
_d4936